Normal view
MARC view
Entry Topical Term
001 - CONTROL NUMBER
- control field: 1365663
003 - CONTROL NUMBER IDENTIFIER
- control field:
005 - DATE AND TIME OF LATEST TRANSACTION
- control field: 20210701041603.0
008 - FIXED-LENGTH DATA ELEMENTS
- fixed length control field: 210701|| aca||aabn | a|a d
040 ## - CATALOGING SOURCE
- Original cataloging agency:
- Transcribing agency:
150 ## - HEADING--TOPICAL TERM
- Topical term or geographic name entry element: Lead poisoning
- General subdivision: Prevention
670 ## - SOURCE DATA FOUND
- Source citation: Work cat.: ()1461049: United States. Environmental Protection Agency. Air Pollution Control Office 930797, Environmental lead and public health /, 1971.
